Brawl Stars: Angelo Skins by Picture - Statistics

General Stats
  • This quiz has been taken 70 times
    17 since last reset
  • The average score is 4 of 8
Answer Stats
Picture Answer % Correct
Elf Angelo
86%
True Gold Angelo
86%
True Silver Angelo
86%
Dionysus Angelo
57%
Tengu Angelo
43%
Adonis Angelo
29%
Brawlentine's Angelo
29%
Snatched Angelo
14%
No matching quizzes found
Score Distribution
Percent of People with Each Score
Percentile by Number Answered
Your Score History
You have not taken this quiz since the last reset